000 00693nam a22002297a 4500
999 _c4723
_d4723
003 AR-CdUCM
008 190311b ||||| |||| 00| 0 spa d
040 _aMUNICIPALIDAD PROVINCIAL DEL CUSCO
_cBIBLIOTECA MUNICIPAL DEL CUSCO
082 _a869.56 /
_bH96
100 _aHurtado de Mendoza Santander, William
_914640
245 _aYanapaq jailli /
260 _aLima :
_bMartínez,
_c1971.
300 _a47 paginas ;
_c17 cm.
500 _aDonación familia Nieto
505 _aContenido :Poesías cusqueñas /
650 _aLiteratura peruana
_9169
650 _aLiteratura cusqueña
_9164
650 _aPoesías
_92272
650 _aSiglo XX
_98
942 _2ddc
_cLIBROS
945 _arjall